[Event "IEWCC"]
[Site "Istanbul TUR"]
[Date "2003.06.02"]
[Round "1"]
[White "Petrenko,S"]
[Black "Mira,H"]
[Result "1-0"]
[WhiteElo "2348"]
[BlackElo "2126"]
[EventDate "2003.06.02"]

1. e4 g6 2. d4 Bg7 3. Nc3 b6 4. Be3 Bb7 5. Qd2 h6 6. f3 e6 7. Nh3 Ne7 8.
Nf2 d6 9. Be2 Nd7 10. O-O a6 11. a4 d5 12. b4 Kf8 13. Rab1 Kg8 14. Ng4 h5
15. Nf2 Kh7 16. Ncd1 a5 17. b5 c5 18. bxc6 Bxc6 19. Nc3 Nf6 20. e5 Nd7 21.
Nb5 Bxb5 22. Bxb5 Rb8 23. Bg5 Bf8 24. c4 dxc4 25. Ne4 Kg7 26. Bf6+ Kg8 27.
Bxh8 Kxh8 28. Nd6 Kg8 29. Qf4 Nf5 30. Nxf5 exf5 31. e6 Nf6 32. Bxc4 fxe6
33. Bxe6+ Kg7 34. Kh1 Bd6 35. Qg5 1-0

[Event "IEWCC"]
[Site "Istanbul TUR"]
[Date "2003.06.02"]
[Round "1"]
[White "Yildiz,B"]
[Black "Pogonina,N"]
[Result "1/2-1/2"]
[WhiteElo "2119"]
[BlackElo "2347"]
[EventDate "2003.06.02"]

1. e4 c5 2. Nc3 Nc6 3. g3 g6 4. Bg2 Bg7 5. d3 d6 6. Be3 e6 7. Qd2 Nd4 8.
Nf3 Ne7 9. Nd1 O-O 10. c3 Nxf3+ 11. Bxf3 Rb8 12. Bh6 Nc6 13. Bg2 b5 14.
Bxg7 Kxg7 15. Ne3 e5 16. O-O b4 17. f4 f6 18. f5 bxc3 19. bxc3 g5 20. h4 h6
21. Kf2 Ba6 22. Rh1 Qb6 23. hxg5 hxg5 24. Rh5 Rh8 25. Rxh8 Rxh8 26. Nd5 Qb7
27. Rc1 Rb8 28. Qe2 Rh8 29. Qc2 Rb8 30. Qe2 Rh8 31. Qc2 Rb8 32. Qe2 Rh8
1/2-1/2

[Event "IEWCC"]
[Site "Istanbul TUR"]
[Date "2003.06.02"]
[Round "1"]
[White "Seps,M"]
[Black "Zaiatz,E"]
[Result "0-1"]
[WhiteElo "2095"]
[BlackElo "2339"]
[EventDate "2003.06.02"]

1. e4 e5 2. Nf3 Nc6 3. Bc4 Bc5 4. b4 Bxb4 5. c3 Be7 6. d4 Na5 7. Nxe5 Nxc4
8. Nxc4 d5 9. exd5 Qxd5 10. Ne3 Qd8 11. Nd2 Nf6 12. Nf3 O-O 13. O-O c6 14.
Bb2 Ng4 15. Qc2 Nxe3 16. fxe3 f5 17. c4 Bf6 18. Kh1 Be6 19. Rad1 Rc8 20.
Qd3 Qd7 21. Rf2 Rfd8 22. Rfd2 Qf7 23. Rc2 Rb8 24. a4 b6 25. Qe2 h6 26. Nd2
Bd7 27. e4 fxe4 28. Nxe4 Be7 29. Rf1 Qg6 30. Rc3 Bg4 31. Qe3 Re8 32. Qd3
Rf8 33. Rcc1 Bf5 34. Rfe1 Bb4 35. Qg3 Bxe1 36. Rxe1 Bxe4 0-1

[Event "IEWCC"]
[Site "Istanbul TUR"]
[Date "2003.06.02"]
[Round "1"]
[White "Muhren,B"]
[Black "Calotescu,C"]
[Result "1-0"]
[WhiteElo "2092"]
[BlackElo "2334"]
[EventDate "2003.06.02"]

1. e4 c5 2. Nf3 g6 3. d4 Bg7 4. c4 d6 5. Nc3 Bg4 6. Be3 Bxf3 7. gxf3 Qa5 8.
Qd2 Nc6 9. dxc5 dxc5 10. O-O-O Rd8 11. Nd5 Qxd2+ 12. Rxd2 Nd4 13. f4 Rd7
14. Bg2 e6 15. Nc3 Ne7 16. Rhd1 O-O 17. Nb5 Nec6 18. e5 g5 19. Bxc6 bxc6
20. Nxd4 cxd4 21. Rxd4 Rxd4 22. Rxd4 gxf4 23. Bxf4 f6 24. exf6 Bxf6 25. Re4
Kf7 26. Kc2 h5 27. b3 h4 28. Kd3 Rg8 29. Ke2 Rg1 30. Kf3 Ra1 31. Re2 Rg1
32. Be5 Bg5 33. Re4 Be7 34. Rf4+ Ke8 35. Bf6 Bxf6 36. Rxf6 Ke7 37. Rh6 Kd6
38. Rxh4 Ra1 39. Rd4+ Ke5 40. Rd2 Kf5 41. h4 e5 42. h5 Kg5 43. Re2 Kf5 44.
Kg2 Rd1 45. h6 Rd6 46. Kf3 Rxh6 47. Rd2 a5 48. Ke2 Rh4 49. Rd6 Re4+ 50. Kd3
Rf4 51. Ke2 Re4+ 52. Kf1 Rd4 53. Rxc6 Rd2 54. a4 Rb2 55. Rb6 Ke4 56. Rb8
Kf3 57. Rf8+ Ke4 58. Rb8 Kf3 59. Rf8+ Ke4 60. Kg2 Rxb3 61. Ra8 Rb4 62. Rxa5
Rxc4 63. Ra8 Rc7 64. Rg8 Kf5 65. Rg3 Ra7 66. Ra3 Ke4 67. a5 Ra6 68. Kf1 Kd4
69. Ke2 Kc4 70. Ke3 Kd5 71. f3 Kd6 72. Ke4 Ke6 73. Ra1 Kf6 74. Ra2 Ke6 75.
Ra3 Kf6 76. Kd5 Kf5 77. Kc5 e4 78. Kb5 Re6 79. fxe4+ Rxe4 80. a6 Re5+ 81.
Kc6 Re6+ 82. Kd7 Rh6 83. a7 Rh7+ 84. Kd6 1-0

[Event "IEWCC"]
[Site "Istanbul TUR"]
[Date "2003.06.02"]
[Round "1"]
[White "Bosboom Lanchava,T"]
[Black "Cinar,N"]
[Result "1-0"]
[WhiteElo "2329"]
[BlackElo "2090"]
[EventDate "2003.06.02"]

1. d4 Nf6 2. c4 e6 3. Nc3 d5 4. Nf3 Bb4 5. e3 c5 6. Be2 Nc6 7. O-O O-O 8.
cxd5 exd5 9. dxc5 Bxc5 10. b3 Be6 11. Bb2 h6 12. Rc1 Bd6 13. Nb5 Bb8 14.
Nbd4 Nxd4 15. Nxd4 Qd6 16. g3 Bh3 17. Re1 Ne4 18. Nb5 Qd7 19. Qd4 f6 20.
Qd1 Re8 21. Nd4 a6 22. b4 Qe7 23. Qb3 Rd8 24. Red1 Be5 25. f3 Ng5 26. f4
Bxd4 27. Rxd4 Nf7 28. Bf3 Be6 29. Rcd1 Rac8 30. Bxd5 Bxd5 31. Rxd5 Rxd5 32.
Rxd5 Qe4 33. Rd7 Qb1+ 34. Rd1 Qe4 35. Rc1 Rd8 36. Bd4 Rd7 37. Qc4 Kh7 38.
Qc8 Rd8 39. Qc2 Nd6 40. Qxe4+ Nxe4 41. Rc7 b5 42. Kg2 Kg8 43. Kf3 Nd2+ 44.
Kg4 Rd5 45. f5 Nc4 46. Kf4 h5 47. h3 Nd6 48. g4 hxg4 49. hxg4 Nf7 50. Ra7
Rd6 51. Bc5 Rc6 52. Ke4 Ne5 53. g5 Nc4 54. Ra8+ Kh7 55. g6+ Kh6 56. Kf4 1-0

[Event "IEWCC"]
[Site "Istanbul TUR"]
[Date "2003.06.02"]
[Round "1"]
[White "Nagel,Y"]
[Black "Gvetadze,S"]
[Result "0-1"]
[WhiteElo "2068"]
[BlackElo "2320"]
[EventDate "2003.06.02"]

1. e4 c5 2. Nf3 Nc6 3. c3 Nf6 4. Bd3 g6 5. O-O Bg7 6. Bc2 d5 7. e5 Nd7 8.
d4 e6 9. Re1 O-O 10. Nbd2 b5 11. Nf1 a5 12. h4 Ba6 13. h5 Re8 14. Ng5 Nf8
15. Ng3 Rc8 16. hxg6 fxg6 17. Nxh7 Kxh7 18. Nh5 Kg8 19. Bxg6 Ne7 20. Bg5
Nfxg6 0-1

[Event "IEWCC"]
[Site "Istanbul TUR"]
[Date "2003.06.02"]
[Round "1"]
[White "Agababean,N"]
[Black "Cavusoglu,Y"]
[Result "1-0"]
[WhiteElo "2319"]
[BlackElo "2045"]
[EventDate "2003.06.02"]

1. d4 d5 2. Nf3 Nf6 3. c4 e6 4. Nc3 Be7 5. e3 O-O 6. Bd3 dxc4 7. Bxc4 c5 8.
O-O Nc6 9. Qe2 a6 10. Rd1 Qc7 11. a3 b5 12. Ba2 Bb7 13. Bd2 Rad8 14. Be1 h6
15. Rac1 Qb6 16. dxc5 Bxc5 17. Qc2 Be7 18. Bb1 Rxd1 19. Rxd1 Rd8 20. Rc1 g6
21. Ne2 b4 22. Ba2 Kg7 23. Ng3 a5 24. h4 Rc8 25. Qd1 Rd8 26. Qa4 Bd6 27.
Nf1 Be7 28. Bc4 bxa3 29. bxa3 Qb2 30. Rc3 Ba8 31. Rb3 Qc1 32. Bd2 Qc2 33.
Bc3 Rd1 34. Qb5 Qc1 35. h5 g5 36. N3h2 Bd8 37. Be2 Rd5 38. Qa6 a4 39. Bxf6+
Bxf6 40. Rb6 Rd8 41. Qxa4 Ne7 42. Ng4 Bb2 43. Qb4 Bxa3 44. Qa5 Nd5 45. Ra6
1-0

[Event "IEWCC"]
[Site "Istanbul TUR"]
[Date "2003.06.02"]
[Round "1"]
[White "Keskin,S"]
[Black "Chasovnikova,E"]
[Result "0-1"]
[WhiteElo "2023"]
[BlackElo "2319"]
[EventDate "2003.06.02"]

1. d4 Nf6 2. Nf3 c5 3. d5 e6 4. Nc3 exd5 5. Nxd5 Nxd5 6. Qxd5 d6 7. e4 Nc6
8. c3 Be6 9. Qd1 Be7 10. Be2 O-O 11. O-O Rb8 12. a4 Na5 13. Nd2 Qb6 14. Bg4
d5 15. exd5 Bxd5 16. Qe2 Bd6 17. Qd3 Rbd8 18. Qh3 Bf4 19. Bf5 g6 20. Bd3
Be6 21. Qf3 Bxd2 22. Bxd2 Nb3 23. Bh6 Bd5 24. Qg3 Nxa1 25. Bxf8 Rxf8 26.
Rxa1 Qxb2 27. Rd1 Qxc3 28. Qe3 c4 29. Qc5 Be6 30. Be4 b6 31. Qc6 Qb3 32.
Rb1 Qa3 33. Rd1 Rc8 34. Qb5 c3 35. Bc2 Qb2 36. Qe2 Bf5 0-1

[Event "IEWCC"]
[Site "Istanbul TUR"]
[Date "2003.06.02"]
[Round "1"]
[White "Gaprindashvili,N"]
[Black "Ozturk,K"]
[Result "1-0"]
[WhiteElo "2318"]
[BlackElo "1948"]
[EventDate "2003.06.02"]

1. d4 d5 2. c4 e6 3. Nc3 Nf6 4. Bg5 Be7 5. e3 c6 6. Nf3 Qa5 7. Rc1 Nbd7 8.
Bd3 dxc4 9. Bxc4 O-O 10. O-O Re8 11. e4 b5 12. Bd3 b4 13. Qa4 Qb6 14. Ne2
Bb7 15. e5 Nd5 16. Bxe7 Rxe7 17. Ng5 Nf8 18. Ne4 Ng6 19. g3 a5 20. Nd6 Rc7
21. Rfd1 Ba6 22. Bxa6 Qxa6 23. Rd2 Nge7 24. Qb3 Nc8 25. Ne4 Nce7 26. Qf3
Nf5 27. Rdc2 Qb6 28. Rc4 Rd8 29. Qd3 Qb5 30. Qc2 a4 31. Rc5 Qa6 32. Qc4
Qxc4 33. R1xc4 Nfe7 34. Ra5 Nb6 35. Rcc5 Nec8 36. Ra6 Rd5 37. Nd6 Rxc5 38.
dxc5 Nd5 39. Ra8 Nde7 40. Rxa4 h6 41. Rxb4 Kh7 42. Rb8 Na7 43. Nd4 Kg6 44.
b4 Nd5 45. a4 Nc3 46. a5 h5 47. a6 Nd5 48. Rb7 h4 49. Kg2 hxg3 50. hxg3 f6
51. f4 fxe5 52. fxe5 Re7 53. Kf3 Rc7 54. Nxe6 Re7 55. Nf4+ 1-0

[Event "IEWCC"]
[Site "Istanbul TUR"]
[Date "2003.06.03"]
[Round "2"]
[White "Skripchenko,A"]
[Black "Ciuksyte,D"]
[Result "1-0"]
[WhiteElo "2501"]
[BlackElo "2375"]
[EventDate "2003.06.02"]

1. e4 c5 2. Nf3 e6 3. d3 Nc6 4. c3 Nf6 5. Nbd2 e5 6. a3 Be7 7. g3 O-O 8.
Bg2 h6 9. b4 d6 10. O-O Re8 11. Re1 Qc7 12. Bb2 Be6 13. d4 exd4 14. cxd4
cxd4 15. Nxd4 Nxd4 16. Bxd4 a5 17. Rc1 Qd8 18. b5 a4 19. f4 Qa5 20. f5 Bd7
21. Nc4 Qxb5 22. Nb6 Rad8 23. Rb1 Qa5 24. e5 dxe5 25. Nc4 Qa6 26. Nxe5 Bxf5
27. Bxb7 Qd6 28. Rb4 Qc7 29. Rb5 Bd6 30. Qxa4 Bc2 31. Qa7 Bxa3 32. Re3 Qd6
33. Bd5 Re7 34. Qxa3 Nxd5 35. Bc5 Qc7 36. Bxe7 Nxe7 37. Qc3 Rd1+ 38. Kf2
Qd8 39. Nf3 Nd5 40. Rxd5 Rxd5 41. Qxc2 Qd7 42. Qe4 Qb7 43. Kg2 g6 44. Re2
Kg7 45. Ne5 Qb5 46. h4 f5 47. Qe3 Qb7 48. Nf3 Rd7 49. Qe5+ Kh7 50. h5 Rf7
51. hxg6+ Kxg6 52. Qd6+ Kh7 53. Re6 Qb2+ 54. Kh3 Qc1 55. Qd2 Qf1+ 56. Qg2
Qd1 57. Kh2 Rc7 58. Re2 Rg7 59. Qf2 Rc7 60. Nh4 Rf7 61. Rd2 Qg4 62. Rd4 Qh5
63. Rf4 Re7 64. Rxf5 Re2 65. Rxh5 Rxf2+ 66. Kh3 Ra2 67. Rb5 Ra7 68. Rb6 Rf7
69. g4 1-0

[Event "IEWCC"]
[Site "Istanbul TUR"]
[Date "2003.06.03"]
[Round "2"]
[White "Shumiakina,T"]
[Black "Galliamova,A"]
[Result "0-1"]
[WhiteElo "2373"]
[BlackElo "2489"]
[EventDate "2003.06.02"]

1. d4 d5 2. c4 c6 3. Nc3 Nf6 4. Nf3 dxc4 5. a4 Na6 6. e3 Bg4 7. Bxc4 e6 8.
O-O Nb4 9. Qe2 Be7 10. Rd1 O-O 11. Bb3 c5 12. dxc5 Qc8 13. e4 Nd7 14. Be3
Nxc5 15. Bc4 Nc6 16. Rac1 Ne5 17. Bd4 Bxf3 18. gxf3 Ng6 19. Be3 Rd8 20.
Rxd8+ Qxd8 21. f4 Qa5 22. b3 a6 23. Qb2 Nd7 24. e5 Nh4 25. Bd3 f6 26. Qc2
Nf8 27. exf6 Bxf6 28. Ne4 Nf3+ 29. Kf1 Nxh2+ 30. Kg2 Ng4 31. Nxf6+ Nxf6 32.
Qc5 Qd8 33. Bc4 Kh8 34. Qb6 Qd7 35. Bc5 Ng6 36. Be3 Nh5 37. Kf3 Nhxf4 38.
Bxf4 Rf8 39. Bxe6 Qd3+ 40. Qe3 Nxf4 41. Rc8 Qxe3+ 0-1

[Event "IEWCC"]
[Site "Istanbul TUR"]
[Date "2003.06.03"]
[Round "2"]
[White "Matveeva,S"]
[Black "Kononenko,T"]
[Result "1/2-1/2"]
[WhiteElo "2474"]
[BlackElo "2370"]
[EventDate "2003.06.02"]

1. d4 d5 2. c4 c6 3. Nc3 dxc4 4. e4 b5 5. a4 b4 6. Na2 Nf6 7. e5 Nd5 8.
Bxc4 e6 9. Nf3 Be7 10. Bd2 a5 11. Nc1 Ba6 12. Qc2 Qb6 13. Nb3 h6 14. O-O
Bxc4 15. Qxc4 Nd7 16. Rfc1 Rc8 17. Ne1 Qa7 18. Nd3 O-O 19. Qc2 Rfd8 20. Be3
c5 21. dxc5 Nxe3 22. fxe3 Nxc5 23. Ndxc5 Bxc5 24. Kh1 Bxe3 25. Qxc8 Rxc8
26. Rxc8+ Kh7 27. Rd1 1/2-1/2

[Event "IEWCC"]
[Site "Istanbul TUR"]
[Date "2003.06.03"]
[Round "2"]
[White "Cramling,P"]
[Black "Motoc,A"]
[Result "1-0"]
[WhiteElo "2470"]
[BlackElo "2358"]
[EventDate "2003.06.02"]

1. d4 Nf6 2. Nf3 g6 3. Nc3 d5 4. Bf4 Bg7 5. e3 O-O 6. Be2 Bg4 7. Ne5 Bxe2
8. Qxe2 c6 9. h4 Nbd7 10. O-O-O Nxe5 11. Bxe5 b5 12. Kb1 Qa5 13. Bxf6 Bxf6
14. Qf3 Qd8 15. h5 e5 16. Qh3 Qe7 17. Ne2 a5 18. e4 Rfd8 19. f4 dxe4 20.
fxe5 Bg5 21. Nc3 e3 22. Rd3 Ra7 23. hxg6 fxg6 24. Ne4 Rad7 25. Nxg5 Qxg5
26. Rxe3 Qe7 27. c3 b4 28. Rg3 bxc3 29. Rxg6+ Kh8 30. Rh6 Rb7 31. Qf5 Rdb8
32. Rxh7+ 1-0

[Event "IEWCC"]
[Site "Istanbul TUR"]
[Date "2003.06.03"]
[Round "2"]
[White "Voiska,M"]
[Black "Kovalevskaya,E"]
[Result "1/2-1/2"]
[WhiteElo "2354"]
[BlackElo "2447"]
[EventDate "2003.06.02"]

1. d4 Nf6 2. c4 d6 3. Nc3 Nbd7 4. e4 e5 5. d5 Nc5 6. f3 a5 7. Be3 Be7 8.
Bd3 Nh5 9. Nge2 Bg5 10. Bf2 Nf4 11. Nxf4 Bxf4 12. Qe2 h5 13. h4 c6 14. Bc2
Bd7 15. Rd1 Qf6 16. dxc6 bxc6 17. g3 Bh6 18. Na4 Nxa4 19. Bxa4 Qe7 20. c5
dxc5 21. Qc4 O-O 22. Bxc5 Qf6 23. Rxd7 Qxf3 24. Rf1 Qxg3+ 25. Rf2 Rad8 26.
Bxc6 Rxd7 27. Bxd7 Be3 28. Bxe3 Qxe3+ 29. Kf1 Qg3 30. Be6 Kh7 31. Bxf7 Qh3+
32. Ke2 Rc8 33. Qd3 Qxh4 34. Qf3 Rc2+ 35. Ke3 Qg5+ 36. Kd3 Rxf2 37. Qxf2 g6
38. Bd5 Qd8 39. Qa7+ Kh6 40. Qa8 Qc7 41. Qc6 Qe7 42. Qe6 Qc7 43. Qf6 Qb8
44. Bf7 Qb5+ 45. Ke3 Qc5+ 46. Kf3 Qg1 47. Qh8+ Kg5 48. Qxe5+ Kh6 49. Qh8+
Kg5 50. Qe5+ Kh6 51. Qg3 Qd1+ 52. Kg2 Qe2+ 53. Qf2 Qxe4+ 54. Kh2 Qe5+ 55.
Kg2 Qe4+ 56. Qf3 Qc2+ 57. Qf2 Qe4+ 58. Kh2 Qe5+ 59. Kh3 Qe4 60. Bb3 Qe5 61.
Qf8+ Kg5 62. Qd8+ Kh6 63. Qf8+ Kg5 64. Qd8+ Kh6 65. Qd3 Qe1 66. Kg2 Qe5 67.
Bc2 Qg5+ 68. Qg3 Qd2+ 69. Qf2 Qd5+ 70. Kg1 Qg5+ 71. Qg2 Qe3+ 72. Kh2 Qe5+
73. Kh3 Qe3+ 74. Qg3 Qe6+ 75. Kh2 Qe2+ 76. Qg2 Qe5+ 77. Kh1 Qe1+ 78. Qg1
Qh4+ 79. Kg2 Qg4+ 80. Kh1 Qh4+ 81. Kg2 1/2-1/2

[Event "IEWCC"]
[Site "Istanbul TUR"]
[Date "2003.06.03"]
[Round "2"]
[White "Radziewicz,I"]
[Black "Bosboom Lanchava,T"]
[Result "1/2-1/2"]
[WhiteElo "2428"]
[BlackElo "2329"]
[EventDate "2003.06.02"]

1. d4 d5 2. c4 c6 3. Nf3 Nf6 4. Nc3 g6 5. e3 Bg7 6. cxd5 cxd5 7. Bb5+ Bd7
8. Qb3 e6 9. Ne5 Nc6 10. Bxc6 Bxc6 11. Nxc6 bxc6 12. Na4 Nd7 13. Bd2 O-O
14. Rc1 Qc7 15. O-O Rab8 16. Qd3 e5 17. Rc2 Qb7 18. Rfc1 Rbc8 19. Rc3 exd4
20. exd4 Qb4 21. b3 Qd6 22. Be3 Rc7 23. Qd2 Qf6 24. Nb2 Rfc8 25. Nd3 Rb7
26. Qc2 Rb6 27. b4 Qh4 28. g3 Qe4 29. Nf4 Qxc2 30. R3xc2 Nf6 31. a3 Bf8 32.
f3 Be7 33. g4 Bd6 34. g5 Bxf4 35. Bxf4 Nd7 36. h4 Nf8 37. Be5 Ne6 38. Kf2
Kf8 39. a4 Ke8 40. b5 Kd7 41. Ke3 a6 42. bxc6+ Rbxc6 43. Rxc6 Rxc6 44. Rb1
Nd8 45. Kd3 Rc4 46. Rb6 Nc6 47. a5 1/2-1/2

[Event "IEWCC"]
[Site "Istanbul TUR"]
[Date "2003.06.03"]
[Round "2"]
[White "Gvetadze,S"]
[Black "Vasilevich,T"]
[Result "1-0"]
[WhiteElo "2320"]
[BlackElo "2410"]
[EventDate "2003.06.02"]

1. e4 e5 2. Nf3 d6 3. Bc4 Be7 4. d4 exd4 5. Nxd4 Nf6 6. Nc3 O-O 7. O-O a6
8. a4 c5 9. Nde2 Nc6 10. Nf4 Nb4 11. f3 Bd7 12. Qe2 Rb8 13. Rd1 Re8 14. Be3
Bf8 15. Rd2 Qc7 16. Bf2 g5 17. Nd3 Nc6 18. Qe3 h6 19. h4 Nh7 20. f4 g4 21.
Qg3 h5 22. f5 Ne5 23. Nxe5 dxe5 24. Nd5 Qc6 25. a5 Rbd8 26. Be3 Kh8 27. Nb6
Re7 28. Rad1 Qxe4 29. Bxc5 Ree8 30. Bxf8 Nxf8 31. Bxf7 Re7 32. Be6 Qc6 33.
Qxe5+ Kh7 34. Bg8+ Kxg8 35. Qxe7 1-0

[Event "IEWCC"]
[Site "Istanbul TUR"]
[Date "2003.06.03"]
[Round "2"]
[White "Velcheva,M"]
[Black "Danielian,E"]
[Result "1/2-1/2"]
[WhiteElo "2249"]
[BlackElo "2386"]
[EventDate "2003.06.02"]

1. e4 e6 2. d3 d5 3. Qe2 Ne7 4. Nf3 c5 5. g3 Nbc6 6. Bg2 g6 7. O-O Bg7 8.
e5 Qc7 9. Re1 b6 10. c3 O-O 11. Bf4 a5 12. a4 Ba6 13. Na3 Qd7 14. h4 Na7
15. Bg5 Nf5 16. g4 Ne7 17. Qe3 Rfc8 18. Rad1 b5 19. axb5 Nxb5 20. Nxb5 Bxb5
21. Qf4 Ba4 22. Rd2 Bb3 23. Bf6 Bf8 24. Rde2 Qa4 25. d4 cxd4 26. Nxd4 Nc6
27. Rd2 Nxd4 28. Rxd4 Rc4 29. Rxc4 Qxc4 30. Qxc4 Bxc4 31. Bg5 a4 32. Bc1
Rc8 33. h5 Bb3 34. hxg6 hxg6 35. Bd2 Rc4 36. Bf3 d4 37. cxd4 Rxd4 38. Bc3
Rc4 39. Be2 Rc8 40. Rc1 Bh6 41. Ra1 Bf4 42. Bb5 Rb8 43. Bc6 Rb6 44. Bf3 Rb5
45. Bc6 Rb6 46. Bf3 Kg7 47. Kg2 Rb5 48. Bc6 Rb8 49. Kf3 g5 50. Ra3 Bc1 51.
Bxa4 Bd5+ 52. Ke2 Bxb2 53. Bxb2 Rxb2+ 54. Ke3 Rb1 55. Kd2 Rb4 56. Bd1 Re4
57. Re3 Rd4+ 58. Rd3 Rb4 59. f3 Kf8 60. Ke3 Ke7 61. Rd4 Rb1 62. f4 gxf4+
63. Kxf4 Kf8 64. Kg5 Kg7 65. Kf4 Rb2 66. Rd3 Rb4+ 67. Kg3 Re4 68. Bf3 Rxe5
69. Kf4 Kf6 70. Bxd5 Rxd5 71. Ra3 Rd4+ 72. Kf3 e5 73. Ra5 Rf4+ 74. Kg3 Rb4
75. Kf3 Rb3+ 76. Ke4 Rg3 77. Ra6+ Kg5 78. Kxe5 Rxg4 79. Rf6 Re4+ 80. Kxe4
Kxf6 81. Kf4 Ke6 82. Ke4 1/2-1/2

[Event "IEWCC"]
[Site "Istanbul TUR"]
[Date "2003.06.03"]
[Round "2"]
[White "Kouvatsou,M"]
[Black "Matnadze,A"]
[Result "1-0"]
[WhiteElo "2233"]
[BlackElo "2386"]
[EventDate "2003.06.02"]

1. e4 c5 2. c3 d5 3. exd5 Qxd5 4. d4 Nf6 5. Nf3 e6 6. Bd3 Be7 7. O-O cxd4
8. cxd4 Nc6 9. Nc3 Qd6 10. a3 O-O 11. Be3 b6 12. Qe2 Bb7 13. Rad1 Rad8 14.
Bg5 Rfe8 15. Rfe1 g6 16. Bc4 Nd5 17. Ne4 Qb8 18. h4 Bxg5 19. hxg5 Kg7 20.
Nh2 h5 21. gxh6+ Kxh6 22. Bxd5 exd5 23. Qd2+ Kg7 24. Ng4 Rh8 25. Ng3 Bc8
26. Ne5 Qb7 27. Rc1 Nxe5 28. Rxe5 Rh6 29. Nh5+ gxh5 30. Qg5+ Rg6 31. Qxd8
Bg4 32. Re8 Qa6 33. Rg8+ Kh6 34. Rh8+ Kg7 35. Qf8+ Kf6 36. Rh7 Qb7 37. Qh8+
Kg5 38. Qe5+ Bf5 39. f4+ Kg4 40. Qe2+ Kxf4 41. Rf1+ 1-0

[Event "IEWCC"]
[Site "Istanbul TUR"]
[Date "2003.06.03"]
[Round "2"]
[White "Kadziolka,B"]
[Black "Polovnikova,E"]
[Result "0-1"]
[WhiteElo "2206"]
[BlackElo "2383"]
[EventDate "2003.06.02"]

1. d4 Nf6 2. c4 c5 3. d5 b5 4. cxb5 a6 5. b6 e6 6. Nc3 Nxd5 7. Nxd5 exd5 8.
Qxd5 Nc6 9. e4 Be7 10. Bc4 O-O 11. Nf3 Rb8 12. O-O Rxb6 13. Ng5 Qe8 14. b3
Nd4 15. Bf4 Bb7 16. Qxf7+ Rxf7 17. Bxf7+ Qxf7 18. Nxf7 Kxf7 19. Rae1 a5 20.
f3 a4 21. bxa4 Ra6 22. Rf2 Rxa4 23. Rb1 Ba6 24. Be3 Ne2+ 25. Kh1 Rxa2 26.
g3 Ra3 27. Rb6 Bc4 28. Bd2 Bf6 29. Rb1 Bd4 30. Rff1 Ra2 31. Rfd1 Ke6 32.
Be1 d5 0-1

[Event "IEWCC"]
[Site "Istanbul TUR"]
[Date "2003.06.03"]
[Round "2"]
[White "Zhukova,N"]
[Black "Muhren,B"]
[Result "1-0"]
[WhiteElo "2448"]
[BlackElo "2092"]
[EventDate "2003.06.02"]

1. d4 d5 2. c4 dxc4 3. Nf3 Nf6 4. e3 e6 5. Bxc4 c5 6. O-O a6 7. Bd3 Nc6 8.
Nc3 Be7 9. a3 O-O 10. dxc5 Bxc5 11. b4 Bd6 12. Bb2 Qe7 13. Na4 Rd8 14. Nb6
Rb8 15. Qe2 Nd7 16. Nxc8 Rbxc8 17. Rac1 b5 18. Be4 Ncb8 19. Rxc8 Rxc8 20.
Rd1 Nf8 21. g3 Rd8 22. Bd4 Qc7 23. Qb2 f6 24. Rc1 Qe7 25. Bb6 Re8 26. Nd4
Nfd7 27. Bc7 Ne5 28. Bxd6 Qxd6 29. Qa2 Nbd7 30. Bf5 Nc4 31. Bh3 Nce5 32.
Qb3 f5 33. Rc2 g6 34. a4 bxa4 35. Qxa4 Rc8 36. Bf1 Kf7 37. f4 Nb6 38. fxe5
Qxe5 39. Qb3 Rxc2 40. Nxc2 a5 41. bxa5 Qxa5 42. Nd4 Nd5 43. Qb7+ Kf6 44.
Qc6 Qb6 45. Qxb6 Nxb6 46. Kf2 e5 47. Nc6 h6 48. Ke1 g5 49. Kd2 Na4 50. Bg2
Nb6 51. Kc3 Ke6 52. e4 f4 1-0

[Event "IEWCC"]
[Site "Istanbul TUR"]
[Date "2003.06.03"]
[Round "2"]
[White "Dergatschova Daus,A"]
[Black "Zielinska,Mar"]
[Result "1-0"]
[WhiteElo "2250"]
[BlackElo "2430"]
[EventDate "2003.06.02"]

1. d4 g6 2. c4 Bg7 3. Nc3 f5 4. Nf3 Nf6 5. g3 O-O 6. Bg2 e6 7. O-O d6 8.
Re1 Nc6 9. e4 fxe4 10. Nxe4 Nxe4 11. Rxe4 d5 12. Rf4 dxc4 13. Rxf8+ Kxf8
14. Bg5 Qd5 15. Ne5 Qd6 16. Qf3+ Kg8 17. Qf7+ Kh8 18. Bxc6 bxc6 19. Be7 1-0

[Event "IEWCC"]
[Site "Istanbul TUR"]
[Date "2003.06.03"]
[Round "2"]
[White "Krivec,J"]
[Black "Pokorna,Reg"]
[Result "0-1"]
[WhiteElo "2256"]
[BlackElo "2418"]
[EventDate "2003.06.02"]

1. e4 e5 2. Nf3 Nc6 3. d4 exd4 4. Nxd4 Bc5 5. Be3 Qf6 6. c3 Nge7 7. Bc4 Ne5
8. Be2 d6 9. O-O Bd7 10. f4 N5c6 11. Kh1 Bxd4 12. cxd4 d5 13. Nc3 dxe4 14.
d5 Nd8 15. Nxe4 Qg6 16. Bf3 O-O 17. Bc5 Re8 18. d6 Nf5 19. dxc7 Bc6 20.
cxd8=Q Raxd8 21. Qb1 Rxe4 0-1

[Event "IEWCC"]
[Site "Istanbul TUR"]
[Date "2003.06.03"]
[Round "2"]
[White "Stepovaia Dianchenko,T"]
[Black "Nill,J"]
[Result "1-0"]
[WhiteElo "2394"]
[BlackElo "2271"]
[EventDate "2003.06.02"]

1. e4 c5 2. Nc3 Nc6 3. g3 g6 4. d3 Bg7 5. Be3 d6 6. Qd2 e5 7. Bg2 Nge7 8.
f4 Nd4 9. Nf3 O-O 10. O-O exf4 11. Bxf4 Nxf3+ 12. Rxf3 Qb6 13. Rb1 Be6 14.
Rf2 Rae8 15. Bh6 f6 16. Bf4 a6 17. a3 Rd8 18. Nd5 Nxd5 19. exd5 Bf7 20. c3
Rfe8 21. Rbf1 Rd7 22. g4 g5 23. Bg3 Qb3 24. Rxf6 Bxf6 25. Rxf6 Bg6 26. Bxd6
c4 27. d4 Qc2 28. Qxc2 Bxc2 29. Be5 Rf8 30. Rb6 Bd1 31. Be4 Bxg4 32. b3 Bf3
33. Bxf3 Rxf3 34. bxc4 Rxc3 35. c5 Rxd5 36. Rxb7 Rxe5 37. dxe5 Rxc5 38. e6
Ra5 39. Rb8+ Kg7 40. e7 1-0

[Event "IEWCC"]
[Site "Istanbul TUR"]
[Date "2003.06.03"]
[Round "2"]
[White "Klinova,M"]
[Black "Makka,I"]
[Result "1/2-1/2"]
[WhiteElo "2368"]
[BlackElo "2234"]
[EventDate "2003.06.02"]

1. e4 c6 2. d4 d5 3. e5 Bf5 4. Nf3 e6 5. Be2 c5 6. O-O Nc6 7. Be3 cxd4 8.
Nxd4 Nge7 9. f4 Nxd4 10. Qxd4 Nc6 11. Qd2 h5 12. Na3 Bxa3 13. bxa3 Qa5 14.
Rfd1 Qxa3 15. Rdb1 Qe7 16. a4 h4 17. h3 Be4 18. a5 O-O 19. Rb5 Qd7 20. Rab1
d4 21. Bf2 a6 22. Rxb7 Qd5 23. Bf1 Nxa5 24. R7b4 Nc6 25. Ra4 Rfb8 26. Re1
Bf5 27. Bc4 Qd8 28. Rea1 a5 29. Be2 Rb2 30. Bd3 Bxd3 31. Qxd3 Rb4 32. Qe4
Rc8 33. f5 d3 34. Rxb4 Nxb4 35. cxd3 Qxd3 36. Qxd3 1/2-1/2

[Event "IEWCC"]
[Site "Istanbul TUR"]
[Date "2003.06.03"]
[Round "2"]
[White "Pogonina,N"]
[Black "Johansson,V"]
[Result "1/2-1/2"]
[WhiteElo "2347"]
[BlackElo "2175"]
[EventDate "2003.06.02"]

1. e4 c5 2. Nf3 Nc6 3. d4 cxd4 4. Nxd4 g6 5. c4 Bg7 6. Be3 Nf6 7. Nc3 O-O
8. Be2 b6 9. O-O Bb7 10. f3 Nh5 11. Kh1 Nxd4 12. Bxd4 f5 13. f4 Bxd4 14.
Qxd4 Ng7 15. e5 Ne6 16. Qd2 d6 17. exd6 Qxd6 18. Qxd6 exd6 19. Rad1 Rfd8
20. Bf3 Bxf3 21. Rxf3 Rac8 22. b3 Nc5 23. g3 Kf8 24. Nb5 a6 25. Nc3 Kf7 26.
Re3 b5 27. cxb5 axb5 28. Nxb5 Ne4 29. Kg1 Rc2 30. a4 Rb2 31. Nd4 Rb8 32.
Nb5 Rb6 33. Rde1 Rc6 34. R3e2 Rcc2 35. Rxc2 Rxc2 36. a5 Rc5 37. Nd4 1/2-1/2

[Event "IEWCC"]
[Site "Istanbul TUR"]
[Date "2003.06.03"]
[Round "2"]
[White "Papadopoulou,V"]
[Black "Kosintseva,N"]
[Result "0-1"]
[WhiteElo "2230"]
[BlackElo "2417"]
[EventDate "2003.06.02"]

1. Nf3 f5 2. d4 Nf6 3. Bg5 e6 4. Nbd2 Be7 5. Bxf6 Bxf6 6. e4 d5 7. e5 Be7
8. Bd3 O-O 9. O-O b6 10. Qe2 a5 11. b3 c5 12. Rfd1 Ba6 13. c4 Nc6 14. cxd5
Bxd3 15. Qxd3 Nb4 16. Qe2 Nxd5 17. Rac1 cxd4 18. Nc4 Bc5 19. Kf1 Rc8 20. a4
Nb4 21. Qd2 Nc6 22. Qf4 Qd5 23. h4 h6 24. h5 Qe4 25. g3 Qd5 26. Kg1 Rb8 27.
Ne1 Nb4 28. Nd3 Na2 29. Rc2 Nc3 30. Rdd2 Ne4 31. Rd1 Ng5 32. Re1 0-1

[Event "IEWCC"]
[Site "Istanbul TUR"]
[Date "2003.06.03"]
[Round "2"]
[White "Dworakowska,J"]
[Black "Blazkova,P"]
[Result "1-0"]
[WhiteElo "2387"]
[BlackElo "2218"]
[EventDate "2003.06.02"]

1. e4 c5 2. Nf3 e6 3. d4 cxd4 4. Nxd4 Nf6 5. Nc3 d6 6. g4 e5 7. Bb5+ Bd7 8.
Bxd7+ Qxd7 9. Nf5 h5 10. gxh5 Nxh5 11. Bh6 Nc6 12. Qxh5 g6 13. Qg5 gxf5 14.
Bxf8 Nd4 15. O-O-O Qc8 16. Bg7 Rh3 17. Rxd4 exd4 18. Bxd4 Qe6 19. exf5 Qh6
20. Qxh6 Rxh6 1-0

[Event "IEWCC"]
[Site "Istanbul TUR"]
[Date "2003.06.03"]
[Round "2"]
[White "Houska,Jo"]
[Black "Hlgatian,G"]
[Result "1-0"]
[WhiteElo "2386"]
[BlackElo "2216"]
[EventDate "2003.06.02"]

1. e4 e5 2. Nc3 Nf6 3. Nf3 Bb4 4. d3 d5 5. exd5 Nxd5 6. Bd2 Nc6 7. g3 Bg4
8. Bg2 O-O 9. h3 Bh5 10. O-O Bxc3 11. bxc3 f5 12. Qb1 Qd6 13. Qb3 Na5 14.
Qa4 b6 15. Qh4 Nf6 16. Rae1 Rae8 17. c4 Nc6 18. Bc3 Bg6 19. Qg5 Nd4 20.
Bxd4 exd4 21. Nh4 Rxe1 22. Rxe1 Qb4 23. Re2 Qb1+ 24. Kh2 Re8 25. Rxe8+ Bxe8
26. Nxf5 Bg6 27. Bd5+ Kh8 28. Nxd4 Qxa2 29. Qf4 Qb2 30. Kg2 h6 31. Ne6 Qxc2
32. Qxc7 Ne8 33. Qe7 Qc3 34. Nf4 1-0